[Event "C'est un classique VI"]
[Site "Chess.com"]
[Date "2021.04.03"]
[Round "5.8"]
[White "Imbeault, Marc"]
[Black "Chelkowski, Jan"]
[Result "1-0"]
[WhiteElo "1190"]
[BlackElo "1070"]
[PlyCount "131"]
[EventDate "2021.03.06"]
[EventType "swiss"]
[EventRounds "5"]
[EventCountry "CAN"]

1. e4 e5 2. Nf3 Nc6 3. Bc4 h6 4. c3 Nf6 5. d4 Nxe4 6. Qe2 d5 7. Bb5 Bd7 8. Bxc6
Bxc6 9. Nxe5 Qf6 10. Nd2 Bd6 11. Nxe4 dxe4 12. Nxc6 bxc6 13. Qxe4+ Qe6 14.
Qxe6+ fxe6 15. O-O O-O 16. Re1 Rae8 17. Re4 Rf7 18. Be3 a6 19. Rf1 Rf6 20. f4
Rb8 21. Bc1 a5 22. g3 a4 23. Rfe1 Kf7 24. Kg2 g5 25. fxg5 hxg5 26. R4e2 g4 27.
Rf1 Rxf1 28. Kxf1 Rh8 29. Kg2 Rb8 30. Re4 Rg8 31. Bf4 Rb8 32. Re2 Rb7 33. Rf2
Ke8 34. Re2 Kd7 35. h4 gxh3+ 36. Kxh3 Be7 37. g4 Rb8 38. g5 Rh8+ 39. Kg2 Rg8
40. Kf3 Rh8 41. Rg2 Rh3+ 42. Kg4 Rh8 43. Kf3 Rh3+ 44. Rg3 Rxg3+ 45. Kxg3 Ke8
46. Kg4 Kf7 47. Bxc7 Kg6 48. Bf4 c5 49. Be3 cxd4 50. cxd4 Bd6 51. Bd2 Be7 52.
b4 axb3 53. axb3 Bd6 54. Bf4 Bb4 55. Kf3 Bc3 56. Ke4 Bb4 57. Ke5 Kf7 58. Be3
Bc3 59. Kd6 Bb4+ 60. Kc6 Be7 61. Kb5 Kg6 62. b4 Kf5 63. Kc6 Ke4 64. g6 Kxe3 65.
g7 Bxb4 66. g8=Q 1-0

[Event "C'est un classique VII"]
[Site "Chess.com"]
[Date "2021.04.24"]
[Round "1.2"]
[White "Laroche, Hugo"]
[Black "Francoz, Yohann"]
[Result "1-0"]
[WhiteElo "1939"]
[BlackElo "1343"]
[PlyCount "93"]
[EventDate "2021.04.24"]
[EventType "swiss"]
[EventRounds "5"]
[EventCountry "CAN"]

1. e4 e5 2. Nf3 Nc6 3. Bc4 Bc5 4. c3 Nf6 5. d3 a5 6. O-O O-O 7. d4 Bb6 8. dxe5
Nxe4 9. Qd5 Nc5 10. Bg5 Qe8 11. Re1 Ne6 12. Bh4 Ne7 13. Qe4 Ng6 14. Bg3 Qe7 15.
h4 h5 16. Qf5 d6 17. exd6 cxd6 18. Qxh5 Qf6 19. Nbd2 Ngf4 20. Qb5 Bc7 21. Ne4
Qg6 22. Neg5 a4 23. Bxe6 Nxe6 24. Rad1 Nc5 25. Ne5 Qf5 26. Qc4 Be6 27. Nxe6
fxe6 28. Nd7 Rf7 29. Nxc5 dxc5 30. Qxe6 Qxe6 31. Rxe6 Bxg3 32. fxg3 Raf8 33.
Re2 Rc7 34. Rf2 Re8 35. Rfd2 Ree7 36. Kh2 Kh7 37. Kh3 b5 38. Rf1 Kh6 39. g4
Re3+ 40. Rf3 Re6 41. Kg3 g6 42. g5+ Kh5 43. Rf8 Rh7 44. Kf4 Kxh4 45. Rd3 Re4+
46. Kxe4 Re7+ 47. Kf4 1-0

[Event "C'est un classique VII"]
[Site "Chess.com"]
[Date "2021.04.24"]
[Round "1.3"]
[White "Cormier, Benoit"]
[Black "Guipi Bopala, Prince Eric jr"]
[Result "0-1"]
[WhiteElo "1283"]
[BlackElo "1866"]
[PlyCount "72"]
[EventDate "2021.04.24"]
[EventType "swiss"]
[EventRounds "5"]
[EventCountry "CAN"]

1. e4 e5 2. Nf3 Nc6 3. Bb5 a6 4. Ba4 Nf6 5. O-O Be7 6. Re1 b5 7. Bb3 O-O 8. c3
d5 9. exd5 Nxd5 10. Nxe5 Nxe5 11. Rxe5 c6 12. d4 Bd6 13. Re1 Qh4 14. g3 Qh3 15.
Bxd5 cxd5 16. Qd3 Bg4 17. Qf1 Qh5 18. Be3 f5 19. Nd2 f4 20. Bxf4 Rxf4 21. gxf4
Bxf4 22. Qg2 Bxd2 23. Re5 Qg6 24. Qxd5+ Be6+ 25. Qg2 Qxg2+ 26. Kxg2 Re8 27. Rd1
Bf4 28. Ree1 Bd5+ 29. f3 Rxe1 30. Rxe1 Bxa2 31. Re8+ Kf7 32. Ra8 Bc4 33. Rxa6
Bc1 34. Ra7+ Kf6 35. b4 Bb2 36. Ra6+ Kg5 0-1

[Event "C'est un classique VII"]
[Site "Chess.com"]
[Date "2021.04.24"]
[Round "1.4"]
[White "Mourad, Michel"]
[Black "Adam, Rafael"]
[Result "0-1"]
[WhiteElo "1216"]
[BlackElo "1864"]
[PlyCount "152"]
[EventDate "2021.04.24"]
[EventType "swiss"]
[EventRounds "5"]
[EventCountry "CAN"]

1. d4 Nf6 2. c4 e6 3. Nc3 Bb4 4. Bg5 h6 5. Bh4 g5 6. Bg3 Ne4 7. Qc2 f5 8. a3
Bxc3+ 9. bxc3 b6 10. Be5 Rg8 11. g4 Bb7 12. Bg2 d6 13. gxf5 exf5 14. Bg3 Qc8
15. d5 Nc5 16. h4 Qd7 17. hxg5 hxg5 18. f3 f4 19. Bf2 Qf7 20. Bxc5 bxc5 21. Rh7
Rg7 22. Qe4+ Kd8 23. Rh8+ Rg8 24. Rh7 Qf6 25. Kd2 Re8 26. Qd3 Nd7 27. Qc2 Ne5
28. Qa4 Bc8 29. Bh3 Bf5 30. Bxf5 Qxf5 31. Rh2 Nd7 32. Nh3 Qe5 33. Rg1 Rb8 34.
Qc2 Qe3+ 35. Kd1 Ne5 36. Qc1 Nxc4 37. Qxe3 Nxe3+ 38. Kd2 Rb2+ 39. Ke1 Rb1+ 40.
Kf2 Rxg1 41. Kxg1 Nxd5 42. c4 Nf6 43. Nxg5 Rg8 44. Rg2 Ke7 45. Kf2 Nd7 46. Nh3
Rxg2+ 47. Kxg2 Ne5 48. Nxf4 Nxc4 49. Nd5+ Kd7 50. a4 Nb6 51. Nxb6+ cxb6 52. Kf2
a6 53. Ke3 b5 54. Kd3 Ke6 55. a5 Ke5 56. e3 d5 57. Ke2 c4 58. Kd2 b4 59. Kc2
Kf5 60. Kd2 b3 61. Kc3 Kg5 62. Kb2 Kh4 63. Kc3 Kg3 64. f4 Kg4 65. Kd2 d4 66.
exd4 Kxf4 67. Kc3 Ke4 68. Kxc4 b2 69. Kc5 b1=Q 70. d5 Qb5+ 71. Kd6 Qxd5+ 72.
Kc7 Qxa5+ 73. Kb7 Qb5+ 74. Ka7 Kd5 75. Ka8 Kc6 76. Ka7 Qb7# 0-1

[Event "C'est un classique VII"]
[Site "Chess.com"]
[Date "2021.04.24"]
[Round "1.5"]
[White "Abboudy, Bassel"]
[Black "Varro, Daniel"]
[Result "0-1"]
[WhiteElo "1196"]
[BlackElo "1772"]
[PlyCount "54"]
[EventDate "2021.04.24"]
[EventType "swiss"]
[EventRounds "5"]
[EventCountry "CAN"]

1. d4 d5 2. c4 c6 3. cxd5 cxd5 4. Bf4 Nc6 5. e3 Nf6 6. Nc3 a6 7. Nf3 Bg4 8. h3
Bxf3 9. Qxf3 e6 10. Bd3 Bd6 11. Bxd6 Qxd6 12. O-O O-O 13. Rac1 Rac8 14. Rfd1
Rc7 15. Ne2 Rfc8 16. a3 Ne8 17. Rc3 Qe7 18. Rdc1 Nd6 19. Ng3 Nc4 20. Bxc4 dxc4
21. Qg4 b5 22. Ne4 f5 23. Qf4 fxe4 24. Qxe4 Qd6 25. Qg4 Rd8 26. f4 Ne7 27. e4
Qxd4+ 0-1

[Event "C'est un classique VII"]
[Site "Chess.com"]
[Date "2021.04.24"]
[Round "1.6"]
[White "Laroche, Hugo"]
[Black "Imbeault, Marc"]
[Result "1-0"]
[WhiteElo "1738"]
[BlackElo "1190"]
[PlyCount "77"]
[EventDate "2021.04.24"]
[EventType "swiss"]
[EventRounds "5"]
[EventCountry "CAN"]

1. d4 d5 2. Bf4 e6 3. Nf3 c5 4. e3 Nc6 5. c3 Nf6 6. Bd3 Bd6 7. Bg3 Qc7 8. Nbd2
Bd7 9. Rc1 c4 10. Bc2 Nh5 11. Bxd6 Qxd6 12. e4 Nf4 13. O-O e5 14. exd5 Qxd5 15.
Be4 Qe6 16. d5 Qg4 17. g3 Nh3+ 18. Kh1 Ne7 19. Nxe5 Qxd1 20. Rcxd1 Ng5 21. Bg2
Nf5 22. h4 Ne6 23. dxe6 Bxe6 24. Rfe1 Rb8 25. Ndxc4 O-O 26. Bd5 Bxd5+ 27. Rxd5
Rfe8 28. Nf3 Rxe1+ 29. Nxe1 g6 30. Nc2 Re8 31. N2e3 Nxe3 32. Nxe3 Kg7 33. Rd7
Rb8 34. Kg2 Kf6 35. Kf3 Ke6 36. Rc7 h5 37. Nc4 Kd5 38. Na5 b6 39. Nb3 1-0

[Event "C'est un classique VII"]
[Site "Chess.com"]
[Date "2021.04.24"]
[Round "1.7"]
[White "Chelkowski, Jan"]
[Black "Dube, Daniel"]
[Result "0-1"]
[WhiteElo "1073"]
[BlackElo "1720"]
[PlyCount "22"]
[EventDate "2021.04.24"]
[EventType "swiss"]
[EventRounds "5"]
[EventCountry "CAN"]

1. e4 c5 2. Bc4 e6 3. b3 a6 4. Bb2 d5 5. exd5 exd5 6. Bd3 Nf6 7. Qf3 Be7 8. Nc3
Nc6 9. Qg3 O-O 10. f3 Ne4 11. fxe4 Bh4 0-1

[Event "C'est un classique VII"]
[Site "Chess.com"]
[Date "2021.05.01"]
[Round "2.1"]
[White "Turcotte, Jonathan"]
[Black "Laroche, Hugo"]
[Result "0-1"]
[WhiteElo "2028"]
[BlackElo "1738"]
[PlyCount "78"]
[EventDate "2021.04.24"]
[EventType "swiss"]
[EventRounds "5"]
[EventCountry "CAN"]

1. d4 d5 2. c4 c6 3. Nf3 Nf6 4. Nc3 Bf5 5. Qb3 Qb6 6. c5 Qc7 7. Bf4 Qc8 8. e3
e6 9. Be2 Be7 10. O-O Nbd7 11. Rfc1 Nh5 12. Be5 Nxe5 13. Nxe5 Nf6 14. g4 Bg6
15. h4 h6 16. Nxg6 fxg6 17. Qc2 O-O 18. Qxg6 Qe8 19. Qxe8 Raxe8 20. f4 g5 21.
hxg5 hxg5 22. Rf1 Bd8 23. b4 Rf7 24. Rf2 Ref8 25. Raf1 Nh7 26. f5 exf5 27. gxf5
Re8 28. Bh5 Rxe3 29. Bxf7+ Kxf7 30. Rf3 Re8 31. Kf2 Bf6 32. Rd1 g4 33. Re3 Rg8
34. Kg3 Ng5 35. Kxg4 Ne4+ 36. Kf3 Rg3+ 37. Ke2 Nxc3+ 38. Kf2 Nxd1+ 39. Kxg3
Nxe3 0-1

[Event "C'est un classique VII"]
[Site "Chess.com"]
[Date "2021.05.01"]
[Round "2.2"]
[White "Varro, Daniel"]
[Black "Laroche, Hugo"]
[Result "1/2-1/2"]
[WhiteElo "1772"]
[BlackElo "1939"]
[PlyCount "60"]
[EventDate "2021.04.24"]
[EventType "swiss"]
[EventRounds "5"]
[EventCountry "CAN"]

1. c4 e5 2. Nc3 f5 3. d4 e4 4. Nh3 Nf6 5. Bg5 c6 6. e3 d6 7. Nf4 g6 8. h4 Be7
9. h5 Kf7 10. f3 exf3 11. gxf3 Nxh5 12. Nxh5 Bxg5 13. f4 Bh4+ 14. Kd2 Be7 15.
Ng3 h5 16. Be2 h4 17. Nf1 a6 18. Nh2 Bf6 19. Nf3 c5 20. Qb3 Nc6 21. Nd5 cxd4
22. Nxf6 dxe3+ 23. Kxe3 Qxf6 24. Rad1 Kg7 25. Kf2 a5 26. Qb6 Ra6 27. Qc7+ Ne7
28. Ng5 Rc6 29. Qxa5 Qxb2 30. Rd2 Qxa2 1/2-1/2

[Event "C'est un classique VII"]
[Site "Chess.com"]
[Date "2021.05.01"]
[Round "2.4"]
[White "Dube, Daniel"]
[Black "Adam, Rafael"]
[Result "0-1"]
[WhiteElo "1720"]
[BlackElo "1864"]
[PlyCount "94"]
[EventDate "2021.04.24"]
[EventType "swiss"]
[EventRounds "5"]
[EventCountry "CAN"]

1. e4 e5 2. Nf3 Nc6 3. Nc3 Nf6 4. d4 exd4 5. Nxd4 Bb4 6. Nxc6 dxc6 7. Bd3 Bxc3+
8. bxc3 h6 9. O-O O-O 10. h3 b6 11. e5 Nd5 12. Qh5 Ne7 13. Bxh6 gxh6 14. Rad1
Kg7 15. f4 Qe8 16. f5 Bxf5 17. Bxf5 Nxf5 18. Qxf5 Qe6 19. Qxe6 fxe6 20. Rd7+
Kg6 21. Rxc7 Rxf1+ 22. Kxf1 Rf8+ 23. Ke2 Rf5 24. Rxc6 Rxe5+ 25. Kf3 Rf5+ 26.
Ke3 Re5+ 27. Kf2 Kf6 28. Rc7 Ra5 29. Rh7 Rxa2 30. Rxh6+ Ke5 31. Rg6 Rxc2+ 32.
Ke3 Rxc3+ 33. Kd2 Rc7 34. h4 Rd7+ 35. Kc3 Rh7 36. g3 Kf5 37. Rg5+ Kf6 38. Kd4
Rg7 39. Rxg7 Kxg7 40. Ke5 b5 41. g4 a5 42. h5 a4 43. g5 a3 44. h6+ Kg6 45. h7
Kxh7 46. Kxe6 a2 47. Kf7 a1=Q 0-1

[Event "C'est un classique VII"]
[Site "Chess.com"]
[Date "2021.05.01"]
[Round "2.6"]
[White "Courtemanche, Sylvain"]
[Black "Vyshnya, Olexandr"]
[Result "1-0"]
[WhiteElo "1449"]
[BlackElo "1319"]
[PlyCount "52"]
[EventDate "2021.04.24"]
[EventType "swiss"]
[EventRounds "5"]
[EventCountry "CAN"]

1. e4 c6 2. d4 g6 3. Nc3 Bg7 4. Nf3 d5 5. h3 e6 6. Bg5 Ne7 7. Be2 h6 8. Bf4 O-O
9. O-O g5 10. Bh2 Nd7 11. Bd6 dxe4 12. Nxe4 f5 13. Nc5 Nxc5 14. Bxc5 Re8 15.
Bxe7 Qxe7 16. Ne5 Rd8 17. Ng6 Qe8 18. Bh5 Rxd4 19. Qf3 Qd8 20. Rad1 Rd5 21. c3
Qf6 22. Rfe1 Bd7 23. Rxd5 cxd5 24. Ne5 Be8 25. Bxe8 Rxe8 26. Qh5 Kh7 1-0

[Event "C'est un classique VII"]
[Site "Chess.com"]
[Date "2021.05.01"]
[Round "2.8"]
[White "Francoz, Yohann"]
[Black "Chelkowski, Jan"]
[Result "1-0"]
[WhiteElo "1343"]
[BlackElo "1073"]
[PlyCount "91"]
[EventDate "2021.04.24"]
[EventType "swiss"]
[EventRounds "5"]
[EventCountry "CAN"]

1. e4 e5 2. Nf3 Nc6 3. Bb5 d6 4. c3 Bd7 5. O-O Nf6 6. Re1 Be7 7. d4 exd4 8.
cxd4 O-O 9. Nc3 Bg4 10. Be3 a6 11. Be2 Qd7 12. e5 dxe5 13. Nxe5 Nxe5 14. dxe5
Qxd1 15. Raxd1 Bxe2 16. exf6 Bxd1 17. fxe7 Rfe8 18. Nd5 c6 19. Nc7 Bg4 20. Bc5
Rac8 21. Nxe8 Rxe8 22. f3 Bh5 23. Bb6 f6 24. Kf2 Kf7 25. Bd8 Bg6 26. Ke3 Bf5
27. Kd4 Be6 28. a3 b6 29. Ke4 Bd5+ 30. Kf4 g5+ 31. Kg4 Be6+ 32. Kg3 h5 33. h4
g4 34. fxg4 Bxg4 35. Kf4 b5 36. Rc1 Bd7 37. Ke4 Rg8 38. Kf3 Rg4 39. g3 Rg8 40.
Rc3 Bg4+ 41. Ke4 Be6 42. Rxc6 Rxg3 43. Rxa6 Rg4+ 44. Kf3 Rxh4 45. Rxe6 Rh3+ 46.
Kg2 1-0

[Event "C'est un classique VII"]
[Site "Chess.com"]
[Date "2021.05.01"]
[Round "2.10"]
[White "Mourad, Michel"]
[Black "Abboudy, Bassel"]
[Result "0-1"]
[WhiteElo "1216"]
[BlackElo "1196"]
[PlyCount "54"]
[EventDate "2021.04.24"]
[EventType "swiss"]
[EventRounds "5"]
[EventCountry "CAN"]

1. d4 d5 2. c4 e6 3. Nc3 Nf6 4. Bg5 Be7 5. e3 O-O 6. Nf3 h6 7. Bh4 b6 8. a3 Bb7
9. b4 c5 10. dxc5 bxc5 11. bxc5 Qa5 12. Qd2 g5 13. Bg3 Bxc5 14. Be5 Nbd7 15.
Bd4 Bb4 16. Qb2 Bc5 17. h4 Bxd4 18. Nxd4 Ne4 19. Rc1 Ndc5 20. hxg5 Na4 21. Qxb7
Rab8 22. Qe7 Naxc3 23. Nc6 Qb6 24. Nxb8 Qb2 25. Qxf8+ Kxf8 26. Nd7+ Ke7 27. Rd1
Qxf2# 0-1

[Event "C'est un classique VII"]
[Site "Chess.com"]
[Date "2021.05.08"]
[Round "3.1"]
[White "Laroche, Hugo"]
[Black "Guipi Bopala, Prince Eric jr"]
[Result "1-0"]
[WhiteElo "1738"]
[BlackElo "1866"]
[PlyCount "75"]
[EventDate "2021.04.24"]
[EventType "swiss"]
[EventRounds "5"]
[EventCountry "CAN"]

1. d4 d5 2. Bf4 Nf6 3. Nf3 e6 4. e3 c5 5. c3 Nc6 6. Nbd2 Bd6 7. Bg3 O-O 8. Bd3
Re8 9. O-O e5 10. dxe5 Nxe5 11. Nxe5 Bxe5 12. Bxe5 Rxe5 13. Nf3 Re8 14. Qc2 Qe7
15. Rad1 Bg4 16. Be2 Rad8 17. Rfe1 a6 18. h3 Bh5 19. c4 d4 20. exd4 Bxf3 21.
Bxf3 Qxe1+ 22. Rxe1 Rxe1+ 23. Kh2 cxd4 24. Qd2 Re7 25. Qd3 g6 26. b4 Kg7 27. a4
b6 28. c5 bxc5 29. bxc5 Rc7 30. c6 Ne8 31. a5 f5 32. Qxa6 d3 33. Qb6 d2 34. a6
d1=Q 35. Bxd1 Rxd1 36. a7 Ra1 37. Qd4+ Nf6 38. Qxa1 1-0

[Event "C'est un classique VII"]
[Site "Chess.com"]
[Date "2021.05.08"]
[Round "3.2"]
[White "Adam, Rafael"]
[Black "Magner, Wilhelm"]
[Result "1-0"]
[WhiteElo "1864"]
[BlackElo "1516"]
[PlyCount "92"]
[EventDate "2021.04.24"]
[EventType "swiss"]
[EventRounds "5"]
[EventCountry "CAN"]

1. d4 d5 2. c4 e6 3. Nc3 Nf6 4. cxd5 exd5 5. Bg5 Be7 6. e3 O-O 7. Bd3 c6 8. Qc2
h6 9. Bh4 Re8 10. Nf3 Nbd7 11. O-O Nf8 12. Rab1 Ne4 13. Bxe7 Qxe7 14. b4 a6 15.
a4 Ng5 16. Ne5 Nd7 17. Nxd7 Bxd7 18. b5 axb5 19. axb5 Ra7 20. Rfc1 Rea8 21.
bxc6 bxc6 22. Rb2 Ra1 23. Rcb1 Rxb1+ 24. Rxb1 g6 25. Na4 Ne6 26. h3 Kg7 27. Rb7
Nd8 28. Rb2 Ne6 29. Be2 h5 30. Bd1 Nd8 31. Qc3 Qg5 32. Kh2 Qf6 33. Qc5 Ne6 34.
Qd6 Nf8 35. Qc7 Rc8 36. Qa7 Qd6+ 37. Kg1 Bf5 38. Nc5 Nd7 39. Rb7 Rd8 40. Ba4
Be6 41. Nxe6+ Qxe6 42. Rc7 Qf5 43. Bxc6 Qb1+ 44. Kh2 Qb8 45. Bxd7 Qxa7 46. Rxa7
Rb8 1-0

[Event "C'est un classique VII"]
[Site "Chess.com"]
[Date "2021.05.08"]
[Round "3.3"]
[White "Laroche, Hugo"]
[Black "Turcotte, Jonathan"]
[Result "0-1"]
[WhiteElo "1939"]
[BlackElo "2028"]
[PlyCount "108"]
[EventDate "2021.04.24"]
[EventType "swiss"]
[EventRounds "5"]
[EventCountry "CAN"]

1. e4 c5 2. Nf3 Nc6 3. d4 cxd4 4. Nxd4 g6 5. Be3 Bg7 6. Nc3 Nf6 7. Bc4 O-O 8.
Bb3 d6 9. f3 Nxd4 10. Bxd4 Be6 11. Qd2 Nd7 12. O-O-O Qa5 13. Kb1 Rfe8 14. h4
Bxd4 15. Qxd4 Qe5 16. Qe3 Nb6 17. h5 Nc4 18. Bxc4 Bxc4 19. Nd5 Bxd5 20. Rxd5
Qg7 21. f4 b6 22. Qg3 Rac8 23. Rg5 Rc5 24. hxg6 hxg6 25. f5 e6 26. Rf1 exf5 27.
exf5 Ree5 28. Qh3 Rxf5 29. Rgxf5 Rxf5 30. Rxf5 gxf5 31. Qxf5 Qxg2 32. a3 Qg1+
33. Ka2 Qg6 34. Qc8+ Kg7 35. Qb7 Qxc2 36. Qxa7 Qc5 37. Qa4 d5 38. Qg4+ Kf8 39.
Qf4 Qc4+ 40. Qxc4 dxc4 41. b3 cxb3+ 42. Kxb3 Ke7 43. Kc4 Kd6 44. a4 f5 45. Kb5
Kc7 46. Kc4 Kc6 47. Kd4 f4 48. Ke4 Kc5 49. Kxf4 Kb4 50. a5 bxa5 51. Ke3 Kb3 52.
Kd2 Kb2 53. Kd3 a4 54. Kc4 a3 0-1

[Event "C'est un classique VII"]
[Site "Chess.com"]
[Date "2021.05.08"]
[Round "3.4"]
[White "Dube, Daniel"]
[Black "Varro, Daniel"]
[Result "0-1"]
[WhiteElo "1720"]
[BlackElo "1772"]
[PlyCount "96"]
[EventDate "2021.04.24"]
[EventType "swiss"]
[EventRounds "5"]
[EventCountry "CAN"]

1. d4 d5 2. c4 c6 3. Nc3 Nf6 4. Nf3 a6 5. a4 e6 6. c5 a5 7. Bg5 Be7 8. Bxf6
Bxf6 9. e4 dxe4 10. Nxe4 Be7 11. Ne5 O-O 12. Nc4 Nd7 13. Ned6 b6 14. Bd3 bxc5
15. dxc5 Nxc5 16. Bxh7+ Kxh7 17. Qh5+ Kg8 18. Qxc5 Ba6 19. Qxc6 Bxc4 20. Nxc4
Bb4+ 21. Ke2 Rc8 22. Qb5 Rc5 23. Qa6 Qd5 24. Ne3 Qd2+ 25. Kf3 Qxb2 26. g3 Rfc8
27. Rab1 Qf6+ 28. Kg2 Bd2 29. Rb3 Qe5 30. Rd1 Qe4+ 31. f3 Qxa4 32. Qd3 Bxe3 33.
Qxe3 Rc2+ 34. Kh3 Qa2 35. Rbd3 Rxh2+ 36. Kg4 Qg2 37. f4 Qh3+ 38. Kf3 Qg2+ 39.
Kg4 Rh6 40. f5 exf5+ 41. Kf4 Rc4+ 42. Rd4 Rxd4+ 43. Rxd4 Re6 44. Qf3 Re4+ 45.
Rxe4 Qxf3+ 46. Kxf3 fxe4+ 47. Kxe4 Kh7 48. Kd5 Kg6 0-1

[Event "C'est un classique VII"]
[Site "Chess.com"]
[Date "2021.05.08"]
[Round "3.5"]
[White "Abboudy, Bassel"]
[Black "Courtemanche, Sylvain"]
[Result "1-0"]
[WhiteElo "1196"]
[BlackElo "1449"]
[PlyCount "93"]
[EventDate "2021.04.24"]
[EventType "swiss"]
[EventRounds "5"]
[EventCountry "CAN"]

1. d4 Nf6 2. c4 g6 3. Nc3 Bg7 4. Nf3 d6 5. g3 O-O 6. Bg2 Nc6 7. O-O Rb8 8. b3
a5 9. Bb2 Bf5 10. Nh4 Bg4 11. h3 Bd7 12. e4 e5 13. Nf3 exd4 14. Nxd4 Nxd4 15.
Qxd4 Ng4 16. Qd2 Ne5 17. Rad1 Bxh3 18. f4 Bxg2 19. Kxg2 Ng4 20. Bc1 Qe7 21.
Rde1 h5 22. Nd5 Qd8 23. Qxa5 b6 24. Qd2 h4 25. Rh1 g5 26. Qe2 Qd7 27. f5 Ne5
28. Bxg5 f6 29. Bxh4 Nc6 30. Qh5 Qf7 31. Qxf7+ Rxf7 32. g4 Ne5 33. Ne3 Nd3 34.
Rd1 Nf4+ 35. Kf3 Bh6 36. Bg3 Ra8 37. Bxf4 Bxf4 38. Kxf4 Rxa2 39. Rh3 Rf2+ 40.
Kg3 Re2 41. Kf3 Rb2 42. Rd3 Rb1 43. Nd5 Rf1+ 44. Ke2 Ra1 45. Rh6 Kg7 46. Rdh3
Ra2+ 47. Kd3 1-0

[Event "C'est un classique VII"]
[Site "Chess.com"]
[Date "2021.05.08"]
[Round "3.7"]
[White "Imbeault, Marc"]
[Black "Cormier, Benoit"]
[Result "1-0"]
[WhiteElo "1190"]
[BlackElo "1283"]
[PlyCount "97"]
[EventDate "2021.04.24"]
[EventType "swiss"]
[EventRounds "5"]
[EventCountry "CAN"]

1. e4 c5 2. Nf3 Nc6 3. d3 e6 4. g3 g6 5. Bg2 Bg7 6. O-O Nge7 7. Nbd2 O-O 8. c3
d5 9. Re1 Re8 10. Nf1 b6 11. h4 h6 12. N1h2 e5 13. a3 Be6 14. exd5 Nxd5 15. c4
Nde7 16. Qc2 Qc7 17. Bd2 Rad8 18. Bc3 Nf5 19. Rad1 Nfd4 20. Nxd4 Nxd4 21. Qd2
Bd7 22. Bxd4 exd4 23. Rxe8+ Rxe8 24. Bd5 Bc6 25. Bg2 Qb7 26. Bxc6 Qxc6 27. Ng4
Kh7 28. Qf4 f5 29. Nh2 Qe6 30. Nf3 Qf6 31. Kf1 Qc6 32. Re1 Rxe1+ 33. Nxe1 Qh1+
34. Ke2 Qc6 35. Qb8 Qe6+ 36. Kd2 a6 37. Qb7 a5 38. Ng2 g5 39. hxg5 hxg5 40. Ne1
Kg6 41. Ng2 Bh6 42. Kd1 Qf6 43. f4 Qe6 44. Qf3 g4 45. Nh4+ Kf6 46. Qb7 Bf8 47.
Qh7 Qf7 48. Qxf5+ Kg7 49. Qxg4+ 1-0

[Event "C'est un classique VII"]
[Site "Chess.com"]
[Date "2021.05.08"]
[Round "3.8"]
[White "Vyshnya, Olexandr"]
[Black "Mercier, Louis"]
[Result "1-0"]
[WhiteElo "1319"]
[BlackElo "1381"]
[PlyCount "65"]
[EventDate "2021.04.24"]
[EventType "swiss"]
[EventRounds "5"]
[EventCountry "CAN"]

1. c4 c6 2. Nc3 d5 3. cxd5 cxd5 4. e3 Nf6 5. Bb5+ Bd7 6. Qa4 e6 7. Bxd7+ Qxd7
8. Qxd7+ Kxd7 9. Nf3 Nc6 10. a3 a5 11. d4 h6 12. O-O Rc8 13. Bd2 g5 14. Na4 Rb8
15. Ne5+ Ke8 16. Nxc6 bxc6 17. Bxa5 Ra8 18. b4 Ne4 19. Rfd1 g4 20. Nc5 Nxc5 21.
dxc5 Bxc5 22. Rac1 Bd6 23. Rxc6 Kd7 24. Rdc1 Rhc8 25. Rxc8 Rxc8 26. Rxc8 Kxc8
27. a4 Kb7 28. b5 Bc5 29. Bc3 Kb6 30. Bd4 Bxd4 31. exd4 f6 32. f4 f5 33. Kf2
1-0

[Event "C'est un classique VII"]
[Site "Chess.com"]
[Date "2021.05.15"]
[Round "4.1"]
[White "Laroche, Hugo"]
[Black "Adam, Rafael"]
[Result "1/2-1/2"]
[WhiteElo "1738"]
[BlackElo "1864"]
[PlyCount "133"]
[EventDate "2021.04.24"]
[EventType "swiss"]
[EventRounds "5"]
[EventCountry "CAN"]

1. d4 Nf6 2. Bf4 d6 3. Nf3 c5 4. e3 Qb6 5. Nc3 Nh5 6. Bg3 Nxg3 7. hxg3 a6 8.
Rb1 Nd7 9. Bd3 g6 10. O-O Bg7 11. Ne2 O-O 12. c3 Qa5 13. a4 b5 14. axb5 axb5
15. Ra1 Qxa1 16. Qxa1 Rxa1 17. Rxa1 c4 18. Be4 Nb8 19. Ra5 Bd7 20. d5 Rc8 21.
Nfd4 Rc5 22. Ra8 Rc8 23. Nc2 e6 24. Nb4 e5 25. Bf3 f5 26. e4 Bh6 27. exf5 gxf5
28. Bh5 Kg7 29. Ra7 Kf6 30. f4 Rg8 31. Kf2 Bf8 32. Rb7 Be7 33. Rb6 Kg7 34. fxe5
dxe5 35. d6 Bg5 36. Bf3 Rc8 37. Nd5 Kf8 38. Nc7 Bd8 39. Rb7 Bxc7 40. dxc7 Na6
41. Rb6 Nxc7 42. Rh6 Kg7 43. Rd6 Be6 44. Rc6 Bd7 45. Rc5 e4 46. Bh5 Ne6 47.
Rxf5 Nc5 48. Rd5 Nd3+ 49. Ke3 Bc6 50. Rd6 Nxb2 51. Nd4 Be8 52. Bxe8 Rxe8 53.
Nxb5 Re5 54. Nd4 Nd1+ 55. Kd2 Nf2 56. Ke2 Nd3 57. Nc2 Rf5 58. Ne3 Rg5 59. Rd4
Kf6 60. g4 Ra5 61. Rxe4 Ra2+ 62. Kf3 Ra3 63. Kg3 Nb2 64. Kf4 Nd3+ 65. Kg3 Nb2
66. Kf4 Nd3+ 67. Kg3 1/2-1/2

[Event "C'est un classique VII"]
[Site "Chess.com"]
[Date "2021.05.15"]
[Round "4.2"]
[White "Varro, Daniel"]
[Black "Turcotte, Jonathan"]
[Result "1/2-1/2"]
[WhiteElo "1772"]
[BlackElo "2028"]
[PlyCount "90"]
[EventDate "2021.04.24"]
[EventType "swiss"]
[EventRounds "5"]
[EventCountry "CAN"]

1. d4 Nf6 2. c4 e6 3. Nc3 Bb4 4. f3 d5 5. a3 Bxc3+ 6. bxc3 O-O 7. cxd5 exd5 8.
e3 b6 9. Bd3 Ba6 10. Ne2 Bxd3 11. Qxd3 Re8 12. O-O h5 13. c4 c6 14. Bd2 Qc8 15.
cxd5 cxd5 16. Rfc1 Qa6 17. Qxa6 Nxa6 18. Rc2 Rac8 19. Rac1 Rxc2 20. Rxc2 Re7
21. Nf4 Rc7 22. Rb2 Rc4 23. Kf2 Ra4 24. Rb3 Kf8 25. Nd3 Nc7 26. Nb2 Ra6 27.
Bb4+ Ke8 28. Rc3 Kd8 29. Nd3 Nb5 30. Rb3 g6 31. Ne5 Ke8 32. Ke2 Nd7 33. Nxd7
Kxd7 34. Kd3 f5 35. e4 fxe4+ 36. fxe4 dxe4+ 37. Kxe4 Nd6+ 38. Bxd6 Kxd6 39. h4
Ke6 40. Rg3 Kf6 41. Rf3+ Ke6 42. d5+ Ke7 43. Ke5 Ra5 44. Rg3 Kf7 45. Rf3+ Ke7
1/2-1/2

[Event "C'est un classique VII"]
[Site "Chess.com"]
[Date "2021.05.15"]
[Round "4.3"]
[White "Guipi Bopala, Prince Eric jr"]
[Black "Francoz, Yohann"]
[Result "1-0"]
[WhiteElo "1866"]
[BlackElo "1343"]
[PlyCount "55"]
[EventDate "2021.04.24"]
[EventType "swiss"]
[EventRounds "5"]
[EventCountry "CAN"]

1. d4 d5 2. c4 e6 3. Nf3 c6 4. Nc3 f5 5. Bf4 Nf6 6. e3 Be7 7. Be2 O-O 8. h3 Ne4
9. Qc2 Nd7 10. O-O g5 11. Bh2 Ndf6 12. Ne5 Bd7 13. f3 Nd6 14. c5 Nf7 15. e4 Kh8
16. exf5 exf5 17. Bd3 Nh6 18. Rae1 Rg8 19. h4 Qf8 20. hxg5 Rxg5 21. Bf4 Rh5 22.
Ne2 Qg7 23. Qd2 Nf7 24. Ng3 Rh4 25. Nxd7 Nxd7 26. Rxe7 Qxd4+ 27. Be3 Qg7 28.
Nxf5 1-0

[Event "C'est un classique VII"]
[Site "Chess.com"]
[Date "2021.05.15"]
[Round "4.4"]
[White "Magner, Wilhelm"]
[Black "Abboudy, Bassel"]
[Result "1-0"]
[WhiteElo "1516"]
[BlackElo "1196"]
[PlyCount "65"]
[EventDate "2021.04.24"]
[EventType "swiss"]
[EventRounds "5"]
[EventCountry "CAN"]

1. d4 d5 2. Bf4 Nf6 3. e3 c5 4. c3 Nc6 5. Nd2 cxd4 6. exd4 Bf5 7. Ngf3 e6 8.
Bb5 a6 9. Bxc6+ bxc6 10. Qa4 Qb6 11. Ne5 Rc8 12. O-O Nh5 13. Be3 Nf6 14. c4 Be7
15. c5 Qb5 16. Qxb5 axb5 17. a4 bxa4 18. Rxa4 Ng4 19. Nxg4 Bxg4 20. Ra7 Be2 21.
Rfa1 Bf6 22. f4 O-O 23. Kf2 Bb5 24. Nb1 Rb8 25. Nc3 Bc4 26. Na4 Rb4 27. g4 Bb3
28. Nb6 Bxd4 29. Nd7 Bxe3+ 30. Kxe3 d4+ 31. Kd2 Rbb8 32. Nxb8 Rxb8 33. Ra8 1-0